| 000 | 00463cam a2200181ua 4500 | ||
|---|---|---|---|
| 003 | OSt | ||
| 008 | 250505b |||||||| |||| 00| 0 eng d | ||
| 020 | _a0 210 27101 9 | ||
| 041 | _aeng | ||
| 082 |
_a624.15136 _bSHA/PR |
||
| 100 |
_aShamsher prakash, . _97443 |
||
| 245 | _aProblems in soil mechanics / | ||
| 250 | _a1 / | ||
| 260 |
_aMumbai : _bAsia Publishing House , _c1971. |
||
| 300 | _a190 ; . | ||
| 700 | 1 |
_aGopal, Ranjan . _97444 |
|
| 942 | _cBK | ||
| 999 |
_c7486 _d7486 |
||